<?xml version='1.0' encoding='UTF-8'?>
  <record xmlns="http://www.loc.gov/MARC21/slim">
    <leader>00000cam a2200000 i 4500</leader>
    <controlfield tag="001">ocn901222329</controlfield>
    <controlfield tag="003">OCoLC</controlfield>
    <controlfield tag="005">20260401055425.9</controlfield>
    <controlfield tag="008">150127s1485    gw a          000 0 lat d</controlfield>
    <datafield tag="040" ind1=" " ind2=" ">
      <subfield code="a">NLGGC</subfield>
      <subfield code="b">eng</subfield>
      <subfield code="e">rda</subfield>
      <subfield code="e">dcrmr</subfield>
      <subfield code="c">NLGGC</subfield>
      <subfield code="d">QGJ</subfield>
      <subfield code="d">OCLCO</subfield>
      <subfield code="d">OCLCA</subfield>
      <subfield code="d">OCLCL</subfield>
      <subfield code="d">OCLCQ</subfield>
      <subfield code="d">OCLCL</subfield>
      <subfield code="d">OCLCQ</subfield>
      <subfield code="d">QGJ</subfield>
    </datafield>
    <datafield tag="029" ind1="0" ind2=" ">
      <subfield code="a">NLGGC</subfield>
      <subfield code="b">388319445</subfield>
    </datafield>
    <datafield tag="035" ind1=" " ind2=" ">
      <subfield code="a">(OCoLC)901222329</subfield>
    </datafield>
    <datafield tag="082" ind1="0" ind2="4">
      <subfield code="a">220</subfield>
      <subfield code="q">OCoLC</subfield>
      <subfield code="1">https://id.oclc.org/worldcat/ddc/E3vhG9tbTjcVFgx7fHfw3RHKKp</subfield>
    </datafield>
    <datafield tag="130" ind1="0" ind2=" ">
      <subfield code="a">Bible.</subfield>
      <subfield code="l">Latin.</subfield>
      <subfield code="s">Vulgate.</subfield>
      <subfield code="f">1485.</subfield>
    </datafield>
    <datafield tag="245" ind1="1" ind2="0">
      <subfield code="a">Opus biblie /</subfield>
      <subfield code="c">vnacu[m] postillis venera[n]di viri ordinis minoru[m] fratris Nicolai de lyra: ; cu[m]q[ue] additionibus per venerabile[m] episcopum Paulum burgensem editis: ; ac replicis magistri Mathie dorinck eiusdem ordinis minoru[m] fratris [et] theologi optimi</subfield>
    </datafield>
    <datafield tag="246" ind1="1" ind2=" ">
      <subfield code="i">Title according to ISTC:</subfield>
      <subfield code="a">Biblia latina</subfield>
    </datafield>
    <datafield tag="246" ind1="1" ind2=" ">
      <subfield code="i">Title according to GW, IDL, and BSB-Ink:</subfield>
      <subfield code="a">Biblia</subfield>
    </datafield>
    <datafield tag="264" ind1=" " ind2="1">
      <subfield code="3">Volume 4</subfield>
      <subfield code="a">Nuremberge :</subfield>
      <subfield code="b">impensisq[ue] Anthonij kobergers,</subfield>
      <subfield code="c">M.cccclxxxv. Sabbato post Ioha[n]nis ante porta[m] latina[m] [7 May 1485]</subfield>
    </datafield>
    <datafield tag="300" ind1=" " ind2=" ">
      <subfield code="a">3 volumes ([468]; [348]; [386] leaves :</subfield>
      <subfield code="b">illustrations (woodcuts) ;</subfield>
      <subfield code="c">31 cm (folio)</subfield>
    </datafield>
    <datafield tag="336" ind1=" " ind2=" ">
      <subfield code="a">text</subfield>
      <subfield code="b">txt</subfield>
      <subfield code="2">rdacontent</subfield>
    </datafield>
    <datafield tag="337" ind1=" " ind2=" ">
      <subfield code="a">unmediated</subfield>
      <subfield code="b">n</subfield>
      <subfield code="2">rdamedia</subfield>
    </datafield>
    <datafield tag="338" ind1=" " ind2=" ">
      <subfield code="a">volume</subfield>
      <subfield code="b">nc</subfield>
      <subfield code="2">rdacarrier</subfield>
    </datafield>
    <datafield tag="340" ind1=" " ind2=" ">
      <subfield code="m">folio</subfield>
      <subfield code="2">rdabf</subfield>
    </datafield>
    <datafield tag="340" ind1=" " ind2=" ">
      <subfield code="k">2 columns</subfield>
    </datafield>
    <datafield tag="500" ind1=" " ind2=" ">
      <subfield code="a">Title, statements of responsibility and publication statement from colophon volume 4, leaf [378] recto, which reads: Exactum est Nuremberge insignie hoc: ac inusitatu[m] opus biblie vnacu[m] postillis venera[n]di viri ordinis minoru[m] fratris Nicolai de lyra: cu[m]q[ue] additionibus per venerabile[m] episcopum Paulum burgensem editis: ac replicis magistri Mathie dorinck eiusdem ordinis minoru[m] fratris [et] theologi optimi: charactere v[er]o impressu[m] habes iucundissimo: impensisq[ue] Anthonij kobergers prefate ciuitatis incola[e]: Anno incarnate deitatis. M.cccclxxxv. Sabbato post Ioha[n]nis ante porta[m] latina[m]: [et] i[n] hu[n]c fine[m] vsq[ue] p[er]ductum. De quo honor inuictissime trinitati necno[n] intemerate virgini Marie ih[s]u chr[ist]i gerule: Amen.</subfield>
    </datafield>
    <datafield tag="500" ind1=" " ind2=" ">
      <subfield code="a">Volume 1: incipit (leaf [2] recto): Prolog[us] prim[us] Uenerabil[is] fratris Nicolai de lyra ordinis seraphyci Francisci: in testamentu[m] vetus de co[m]me[n]datione sacre scripture in generali incipit. At head of page: Prologus in bibliam</subfield>
    </datafield>
    <datafield tag="500" ind1=" " ind2=" ">
      <subfield code="a">Volume 1: explicit (leaf [468] recto): Explicit oratio regis manasses.</subfield>
    </datafield>
    <datafield tag="500" ind1=" " ind2=" ">
      <subfield code="a">Volume 3: incipit (leaf [1] recto): Incipit prologus in Esaiam p[ro]phetam. At head of page: Prologus</subfield>
    </datafield>
    <datafield tag="500" ind1=" " ind2=" ">
      <subfield code="a">Volume 3: explicit (leaf [348] recto): Explicit postilla Nicolai d[e] lyra sup[er] vet[us] testame[n]tu[m] cu[m] expoſitionib[us] britonis in prologos hieronymi: [et] cu[m] addit[i]ōnibus pauli e[piscop]i burgen[sis]. et correctorijs earu[n]de[m] additionum editis a mathia doringk ordinis mino[rum].</subfield>
    </datafield>
    <datafield tag="500" ind1=" " ind2=" ">
      <subfield code="a">Volume 4: incipit (leaf [2] recto): Incipit postilla sup[er] Matheu[m] fratr[is] Nicolai de lyra ordinis fratrum minoru[m]. At head of page: Prohemiu[m]</subfield>
    </datafield>
    <datafield tag="500" ind1=" " ind2=" ">
      <subfield code="a">Volume 4: contains also: Libellus contra perfidiam Judaeorum (leaf [379] recto-leaf [380] verso), with incipit: incipit libellus editus p[er] mag[ist]r[u]m Nicolau[m] de lyra ordinis mino[rum] theologie p[ro]fessore[m]; in q[uo] sunt pulcherrime q[uesti]ones iudaica[m] p[er]fidia[m] i[n] catholica fide improba[n]tes; and: Probatio incarnationis diuine persone (leaf [380] verso-leaf [384[ verso.</subfield>
    </datafield>
    <datafield tag="500" ind1=" " ind2=" ">
      <subfield code="a">Volume 4: explicit (leaf [384] verso: Et sic est finis. Laus deo.</subfield>
    </datafield>
    <datafield tag="505" ind1="8" ind2=" ">
      <subfield code="a">[I. Genesis - Paralypomena. -- III. Esaia - Machabeorum ii. -- IV. Novum Testamentum]</subfield>
    </datafield>
    <datafield tag="500" ind1=" " ind2=" ">
      <subfield code="a">Text printed in two columns.</subfield>
    </datafield>
    <datafield tag="500" ind1=" " ind2=" ">
      <subfield code="a">Bible text surrounded by commentary.</subfield>
    </datafield>
    <datafield tag="500" ind1=" " ind2=" ">
      <subfield code="a">Initials spaces with or without guide letters.</subfield>
    </datafield>
    <datafield tag="500" ind1=" " ind2=" ">
      <subfield code="a">Signatures volume 1 according to GW: [a¹⁰ b¹² c-h¹⁰ i-k⁸ l-o¹⁰ p⁶ q⁸ r-z¹⁰ A-E¹⁰ F¹² G-H¹⁰ I⁴ K-P¹⁰ Q-R⁶ S-X¹⁰ Y¹² T¹⁰ aa-bb¹⁰ cc⁶]; [a]1 and [cc]6v are blank.</subfield>
    </datafield>
    <datafield tag="500" ind1=" " ind2=" ">
      <subfield code="a">Signatures volume 3 according to GW: [a-g¹⁰h¹² i-m¹⁰ n¹² o⁸ p-q¹⁰ r⁸ s² t-v¹⁰ x-y⁶ z¹⁰ A-G¹⁰ H-I⁸ K-N¹⁰ O⁸]; [O]8v is balnk.</subfield>
    </datafield>
    <datafield tag="500" ind1=" " ind2=" ">
      <subfield code="a">Signatures volume 4 according to GW:  [a-l¹⁰ m⁸ n-q¹⁰ r⁸ s⁶ t-y¹⁰ z¹² A¹⁰ B⁸ C-F¹⁰ G¹² H-O¹⁰ P⁸ Q⁶ R⁸]; [a]1, [R]7-8 are blank.</subfield>
    </datafield>
    <datafield tag="510" ind1="4" ind2=" ">
      <subfield code="a">Incunabula Short Title Catalogue,</subfield>
      <subfield code="c">ib00613000</subfield>
      <subfield code="u">https://data.cerl.org/istc/ib00613000</subfield>
    </datafield>
    <datafield tag="510" ind1="4" ind2=" ">
      <subfield code="a">Gesamtkatalog der Wiegendrucke,</subfield>
      <subfield code="c">04288</subfield>
      <subfield code="u">https://www.gesamtkatalogderwiegendrucke.de/docs/GW04288.htm</subfield>
    </datafield>
    <datafield tag="510" ind1="4" ind2=" ">
      <subfield code="a">Incunabula in Dutch Libraries,</subfield>
      <subfield code="c">842</subfield>
    </datafield>
    <datafield tag="510" ind1="4" ind2=" ">
      <subfield code="a">Bayerische Staatsbibliothek Inkunabelkatalog,</subfield>
      <subfield code="c">B-453</subfield>
      <subfield code="u">https://inkunabeln.digitale-sammlungen.de/Ausgabe_B-453.html</subfield>
    </datafield>
    <datafield tag="510" ind1="4" ind2=" ">
      <subfield code="a">Typenrepertorium der Wiegendrucke,</subfield>
      <subfield code="c">ma02052</subfield>
      <subfield code="u">https://tw.staatsbibliothek-berlin.de/ma02052</subfield>
    </datafield>
    <datafield tag="510" ind1="4" ind2=" ">
      <subfield code="a">Typenrepertorium der Wiegendrucke,</subfield>
      <subfield code="c">ma02054</subfield>
      <subfield code="u">https://tw.staatsbibliothek-berlin.de/ma02054</subfield>
    </datafield>
    <datafield tag="510" ind1="4" ind2=" ">
      <subfield code="a">Typenrepertorium der Wiegendrucke,</subfield>
      <subfield code="c">ma02055</subfield>
      <subfield code="u">https://tw.staatsbibliothek-berlin.de/ma02055</subfield>
    </datafield>
    <datafield tag="510" ind1="4" ind2=" ">
      <subfield code="a">Typenrepertorium der Wiegendrucke,</subfield>
      <subfield code="c">ma02058</subfield>
      <subfield code="u">https://tw.staatsbibliothek-berlin.de/ma02058</subfield>
    </datafield>
    <datafield tag="546" ind1=" " ind2=" ">
      <subfield code="b">Typeface: 7:83G mixed with 8:84G; 9:165G; 12:64G</subfield>
    </datafield>
    <datafield tag="588" ind1=" " ind2=" ">
      <subfield code="a">Description based on incomplete set Utrecht University Library</subfield>
      <subfield code="5">NL-UtRU</subfield>
    </datafield>
    <datafield tag="630" ind1="0" ind2="0">
      <subfield code="a">Bible</subfield>
      <subfield code="v">Commentaries</subfield>
      <subfield code="v">Early works to 1800.</subfield>
    </datafield>
    <datafield tag="630" ind1="0" ind2="6">
      <subfield code="a">Bible</subfield>
      <subfield code="v">Commentaires</subfield>
      <subfield code="v">Ouvrages avant 1800.</subfield>
    </datafield>
    <datafield tag="630" ind1="0" ind2="7">
      <subfield code="a">Bible</subfield>
      <subfield code="2">fast</subfield>
    </datafield>
    <datafield tag="655" ind1=" " ind2="7">
      <subfield code="a">incunabula (books)</subfield>
      <subfield code="2">aat</subfield>
    </datafield>
    <datafield tag="655" ind1=" " ind2="7">
      <subfield code="a">Commentaries</subfield>
      <subfield code="2">fast</subfield>
    </datafield>
    <datafield tag="655" ind1=" " ind2="7">
      <subfield code="a">Early works</subfield>
      <subfield code="2">fast</subfield>
    </datafield>
    <datafield tag="655" ind1=" " ind2="7">
      <subfield code="a">Incunabula.</subfield>
      <subfield code="2">lcgft</subfield>
    </datafield>
    <datafield tag="655" ind1=" " ind2="7">
      <subfield code="a">Incunabula.</subfield>
      <subfield code="2">rbgenr</subfield>
    </datafield>
    <datafield tag="655" ind1=" " ind2="7">
      <subfield code="a">Incunables.</subfield>
      <subfield code="2">rvmgf</subfield>
    </datafield>
    <datafield tag="700" ind1="0" ind2=" ">
      <subfield code="a">Nicholas,</subfield>
      <subfield code="c">of Lyra,</subfield>
      <subfield code="d">approximately 1270-1349,</subfield>
      <subfield code="e">writer of added commentary.</subfield>
      <subfield code="4">wac</subfield>
    </datafield>
    <datafield tag="700" ind1="0" ind2=" ">
      <subfield code="a">Pablo de Santa Maria,</subfield>
      <subfield code="c">Bishop of Burgos,</subfield>
      <subfield code="d">approximately 1351-1435,</subfield>
      <subfield code="e">writer of added commentary.</subfield>
      <subfield code="4">wac</subfield>
    </datafield>
    <datafield tag="700" ind1="1" ind2=" ">
      <subfield code="a">Döring, Mathias,</subfield>
      <subfield code="d">approximately 1400-1469,</subfield>
      <subfield code="e">writer of added commentary.</subfield>
      <subfield code="4">wac</subfield>
      <subfield code="1">https://id.oclc.org/worldcat/entity/E39PBJkHtPjx9pqJYYrcp6vyh3</subfield>
    </datafield>
    <datafield tag="700" ind1="0" ind2=" ">
      <subfield code="a">Guillaume,</subfield>
      <subfield code="c">le Breton,</subfield>
      <subfield code="d">approximately 1165-approximately 1226,</subfield>
      <subfield code="e">writer of added commentary,</subfield>
      <subfield code="e">wac</subfield>
      <subfield code="1">https://id.oclc.org/worldcat/entity/E39PBJvXgw6Gc4hHTm7kyJTJXd</subfield>
    </datafield>
    <datafield tag="700" ind1="0" ind2="2">
      <subfield code="i">Container of (work):</subfield>
      <subfield code="a">Nicholas,</subfield>
      <subfield code="c">of Lyra,</subfield>
      <subfield code="d">approximately 1270-1349.</subfield>
      <subfield code="t">Postillae perpetuae.</subfield>
    </datafield>
    <datafield tag="700" ind1="0" ind2="2">
      <subfield code="i">Container of (work):</subfield>
      <subfield code="a">Nicholas,</subfield>
      <subfield code="c">of Lyra,</subfield>
      <subfield code="d">approximately 1270-1349.</subfield>
      <subfield code="t">Contra perfidiam Judaeorum.</subfield>
    </datafield>
    <datafield tag="700" ind1="1" ind2=" ">
      <subfield code="a">Koberger, Anton,</subfield>
      <subfield code="d">approximately 1440-1513,</subfield>
      <subfield code="e">printer.</subfield>
      <subfield code="4">prt</subfield>
      <subfield code="1">https://id.oclc.org/worldcat/entity/E39PBJkTbCRgHQH86RwHkhx4bd</subfield>
    </datafield>
    <datafield tag="752" ind1=" " ind2=" ">
      <subfield code="a">Germany</subfield>
      <subfield code="d">Nuremberg,</subfield>
      <subfield code="e">publication place.</subfield>
      <subfield code="4">pup</subfield>
    </datafield>
    <datafield tag="936" ind1=" " ind2=" ">
      <subfield code="a">BATCHLOAD</subfield>
    </datafield>
  </record>